000 00808nam a2200241 i 4500
001 7170
003 ES-MaACL
005 20230906145157.0
007 t|
008 901004s1990 sp ||||1| spa d
020 _a84-239-2222-7
080 _a32:92 Gorbachiov, Mijail
100 1 _aMezzetti, Fernando.
_980840
245 1 0 _aGorbachov
_b: la trama del cambio /
_cFernando Mezzetti ; prologo de Miguel Solano Aza.
260 _aMadrid :
_bEspasa-Calpe,
_c1990.
300 _a516 p. :
_bfot. bl. y n. ;
_c24 cm.
490 1 _aBiografias Espasa. Nuestro tiempo
600 1 4 _aGorbachiov, Mijail Sergueevich.
_959129
700 1 _aSolano Aza, Miguel,
_epr.
_9177832
830 0 _aBiografias Espasa. Nuestro tiempo
_9177833
852 _aES-MaACL
_jL-14452
_bR.118238
_z. - rust.
999 _c7170
_d7170